00278nam a2200097Ia 4500008004100000082002000041100002000061245005400081260003700135300000800172150731s2013 xx 000 0 und d a612.012bR 13 R aRATHI,BHANAT J. aPRACTICAL HB OF RASASHASTNA OF BHAISHAJYA KALPANA bCHAUKHAMBHA PUB. NEW DELHIc2013 a342